Pomník Gen. M. R. Štefánika na Bradle

Zobrazenie: pohľad na mohylu na kopci z cesty, ktorá je lemovaná stromami po ktorej ide cyklista

Bibliographic Details
Format: Photo
Language:Slovak
PhysicalDescription:1 pohľadnica čiernobiela 9 x 14 cm
Published: Sadská Bromografia [1928?]
Subjects:

MARC

LEADER 00000nkm a2200000 a 4500
001 vtls011612343
003 SK-MaSNL
005 20260302085541.0
007 kf bo
008 231206q1928 xr g kuslo
015 |a SNBG1928 
040 |a SNK  |b slo  |c SNK  |e AACR2 
041 0 |a slo 
043 |a e-xo--- 
044 |a xr  |c CZ 
080 |a 908(437.6)  |2 2011 
080 |a (084.121)  |2 2011 
080 |a 903.5  |2 2011 
245 0 0 |a Pomník Gen. M. R. Štefánika na Bradle  |h grafika 
260 |a Sadská  |b Bromografia  |c [1928?] 
300 |a 1 pohľadnica  |b čiernobiela  |c 9 x 14 cm 
520 8 |a Zobrazenie: pohľad na mohylu na kopci z cesty, ktorá je lemovaná stromami po ktorej ide cyklista 
600 1 7 |a Štefánik, Milan Rastislav,  |d 1880-1919  |2 SNKKA  |9 86219 
650 0 7 |a mohyly  |2 SNKPH  |9 27573 
651 7 |a Brezová pod Bradlom (Slovensko)  |2 SNKPH  |9 65473 
651 7 |a Bradlo (Myjavská pahorkatina, Slovensko : vrch)  |2 SNKPH  |9 212183 
655 7 |a miestne pohľadnice  |2 SNKPH  |9 70510 
958 |a GC 
958 |a GBN 
999 |c 1192721  |d 1194651 
952 |a SNK  |b SNK  |y PREZ  |7 0  |p 17A1222491  |o snkSP 9025  |0 0  |1 0  |4 0  |d 2017-02-20  |f 1  |l 0  |r 2026-02-24 22:16:46  |w 2026-02-24